000 01087nam a2200289Ia 4500
001 H2582
003 IT-RoPAU
008 130308s9999 xx 000 0 und d
040 _aIT-RoPAU
040 _cIT-RoPAU
041 _aFRANCESE
100 _aKlein Christian
100 _gCodice Aut. SPICS: 57056
245 _aDe la prose au theatre jusqu'aux textes -Limites, ou pourquoi n'ecrivez-Vous pas de la prose, monsieur Muller?
245 _bEcrire pour le Theatre. Les Enjeux de L'Ecriture Dramatique
250 _a1a ed.
260 _aPARIS
260 _bCNRS
260 _c2000 [1° Ed.:2000 - Ed.Ling.Originale:2000]
300 _a"22 p. (prefazione: no ; testo: 22 [pagine: 45-66])"
500 _aDalla Prosa al Teatro fino Ai Testi limite o Perche' Non scrive di Prosa, Mister Heiner Muller? Scuole di Muller. passaggio Dalla Prosa Alla Scrittura Drammatica. paesaggio sotto Sorveglianza, o Come un testo di Prosa Fu scritto per Il Teatro?
650 _aTEORICHE TEATRALI
650 _eCodice materia Spics: 8405
942 _cBK
957 _71
999 _c86615
_d86615
999 _g1